<?xml version="1.0" encoding="UTF-8"?><?xml-stylesheet type="text/xsl" href="static/style.xsl"?><OAI-PMH xmlns="http://www.openarchives.org/OAI/2.0/" xmlns:xsi="http://www.w3.org/2001/XMLSchema-instance" xsi:schemaLocation="http://www.openarchives.org/OAI/2.0/ http://www.openarchives.org/OAI/2.0/OAI-PMH.xsd"><responseDate>2026-04-17T03:19:11Z</responseDate><request verb="GetRecord" identifier="oai:www.recercat.cat:2072/488576" metadataPrefix="marc">https://recercat.cat/oai/request</request><GetRecord><record><header><identifier>oai:recercat.cat:2072/488576</identifier><datestamp>2025-11-07T13:58:58Z</datestamp><setSpec>com_2072_98</setSpec><setSpec>col_2072_378192</setSpec></header><metadata><record xmlns="http://www.loc.gov/MARC21/slim" xmlns:dcterms="http://purl.org/dc/terms/" xmlns:xsi="http://www.w3.org/2001/XMLSchema-instance" xmlns:doc="http://www.lyncode.com/xoai" xsi:schemaLocation="http://www.loc.gov/MARC21/slim http://www.loc.gov/standards/marcxml/schema/MARC21slim.xsd">
   <leader>00925njm 22002777a 4500</leader>
   <datafield ind2=" " ind1=" " tag="042">
      <subfield code="a">dc</subfield>
   </datafield>
   <datafield ind2=" " ind1=" " tag="720">
      <subfield code="a">Pérez, K.</subfield>
      <subfield code="e">author</subfield>
   </datafield>
   <datafield ind2=" " ind1=" " tag="720">
      <subfield code="a">Santamariña-Rubio, E.</subfield>
      <subfield code="e">author</subfield>
   </datafield>
   <datafield ind2=" " ind1=" " tag="720">
      <subfield code="a">López, Maria José</subfield>
      <subfield code="e">author</subfield>
   </datafield>
   <datafield ind2=" " ind1=" " tag="720">
      <subfield code="a">Artazcoz, Lucia</subfield>
      <subfield code="e">author</subfield>
   </datafield>
   <datafield ind2=" " ind1=" " tag="720">
      <subfield code="a">Ferrando, J.</subfield>
      <subfield code="e">author</subfield>
   </datafield>
   <datafield ind2=" " ind1=" " tag="720">
      <subfield code="a">Pastor, C.</subfield>
      <subfield code="e">author</subfield>
   </datafield>
   <datafield ind2=" " ind1=" " tag="720">
      <subfield code="a">Hyder, A.A.</subfield>
      <subfield code="e">author</subfield>
   </datafield>
   <datafield ind2=" " ind1=" " tag="720">
      <subfield code="a">Borrell i Thió, Carme</subfield>
      <subfield code="e">author</subfield>
   </datafield>
   <datafield ind2=" " ind1=" " tag="720">
      <subfield code="a">Universitat Autònoma de Barcelona</subfield>
      <subfield code="e">author</subfield>
   </datafield>
   <datafield ind2=" " ind1=" " tag="260">
      <subfield code="c">2024</subfield>
   </datafield>
   <datafield ind2=" " ind1=" " tag="520">
      <subfield code="a">Road traffic injuries are a significant public health concern, ranking among the leading causes of mortality and disability-adjusted life years lost globally, especially among the young population. Traditionally, road safety has been approached predominantly from a healthcare standpoint, with limited interventions from a comprehensive public health perspective. In Barcelona, the Agència de Salut Pública (Public Health Agency) has been monitoring road traffic injuries and evaluating road safety interventions since the late 1990s. This paper explores how Barcelona has addressed road safety over more than two decades through a public health lens, emphasizing the evaluation of intervention effectiveness, highlighting key success factors, and addressing the challenges encountered. First, we describe the road traffic surveillance system, providing insights into the context of mobility and road safety interventions in the city since the late 1990s. Since then, 10 interventions have been evaluated, encompassing legislation policies (helmet law, motorcycle driving license, and the penalty points system) and infrastructure measures (speed radars, advanced stop lines for motorcycles, safe routes to school, 30 km/h zone, and red-light cameras), as well as a cost-benefit study of speed radars. Next, the paper quantifies the overall impact of road safety interventions by estimating the difference between the observed number of road traffic injuries and the expected number if no interventions had been implemented from January 2008 to December 2023, stratified by gender, injury severity, and mode of transport. Since 2008, injuries were prevented in more than 34,800 individuals, including approximately 1,000 severe injuries. Mode-specific analysis revealed that more than 4,700 pedestrians, 12,300 car users, and 3,200 moped users benefited from injury prevention measures, while the number of injuries among motorcyclists was 5,200 higher than expected. This article discusses key success factors, the pivotal role of public health in road safety, and outlines future challenges, providing valuable insights for cities aiming to adopt a comprehensive public health approach to address road safety concerns.</subfield>
   </datafield>
   <datafield ind1="8" ind2=" " tag="024">
      <subfield code="a">http://hdl.handle.net/2072/488576</subfield>
   </datafield>
   <datafield tag="653" ind2=" " ind1=" ">
      <subfield code="a">Evaluation</subfield>
   </datafield>
   <datafield tag="653" ind2=" " ind1=" ">
      <subfield code="a">Health impact assessment</subfield>
   </datafield>
   <datafield tag="653" ind2=" " ind1=" ">
      <subfield code="a">Information system</subfield>
   </datafield>
   <datafield tag="653" ind2=" " ind1=" ">
      <subfield code="a">Injury surveillance</subfield>
   </datafield>
   <datafield tag="653" ind2=" " ind1=" ">
      <subfield code="a">Policy evaluation</subfield>
   </datafield>
   <datafield tag="653" ind2=" " ind1=" ">
      <subfield code="a">Public health</subfield>
   </datafield>
   <datafield tag="653" ind2=" " ind1=" ">
      <subfield code="a">Road safety</subfield>
   </datafield>
   <datafield tag="653" ind2=" " ind1=" ">
      <subfield code="a">Road traffic injuries</subfield>
   </datafield>
   <datafield ind2="0" ind1="0" tag="245">
      <subfield code="a">25 years of providing evidence on road safety interventions at the city level</subfield>
   </datafield>
</record></metadata></record></GetRecord></OAI-PMH>